000 00474nam a22001577a 4500
005 20251108171137.0
008 250721s1980 xx 000 0 ara d
082 1 4 _a210/سعد
100 1 _aمصلوح، سعد عبد العزيز
245 1 0 _aالمسلمون بين المطرقة و السندان /
264 1 _aالقاهرة :
_bدار البحوث العلمية،
_c1980.
300 _a107ص
650 1 7 _aالإسلام
942 _2ddc
_cBK
999 _c57737
_d57737